El Estudio de las relaciones internacionales en América Latina y el Caribe

Guardado en:
書目詳細資料
主要作者: Perina, Rubén M.
格式: Texto
出版: Buenos Aires: Grupo Editor Latinoamericano
標簽: 添加標簽
沒有標簽, 成為第一個標記此記錄!

MARC

LEADER 00000 a a2200000 04500
001 24691
003
040
020 |a 950-9432-22-9  
090 |a 177600  
100 |a Perina, Rubén M.  
245 |a El Estudio de las relaciones internacionales en América Latina y el Caribe  
260 |a Buenos Aires:   |b Grupo Editor Latinoamericano  
300 |a 199 p  
999 |c 6243  |d 6243